000 00707nam a2200217 i 4500
001 15074
003 ES-MaACL
005 20230906150958.0
007 t|
008 991215s1999 sp a |||| |dspa d
020 _a84-88123-19-1
080 _a929 Uztáriz, Jerónimo:33
080 _a338.2(460)"16/17"
100 1 _aFernández Durán, Reyes.
_949751
245 1 0 _aGerónimo de Uztáriz (1670-1732)
_b: una política económica para Felipe V /
_cReyes Fernández Durán.
260 _aMadrid :
_bMinerva,
_c[1999]
300 _a441 p. :
_bil. ;
_c24 cm.
600 1 4 _aUztáriz, Jerónimo de.
_9169445
651 4 _aEspaña-
_xSituación económica-
_y1700-1746.
_9169446
852 _aES-MaACL
_jL-22391
999 _c15074
_d15074